Statistics for John Malkovich Filmography

Click here to take the quiz!

General Stats

  • This quiz has been taken 55 times
    (5 since last reset)
  • The average score is 31 of 209

Answer Stats

TypeYearName% Correct
Film1999Being John Malkovich
100%
Film1988Dangerous Liaisons
100%
Film1993In the Line of Fire
100%
Film1997Con Air
67%
FilmTBAIn the Hand of Dante
67%
Film2014Penguins of Madagascar
67%
Film1984Places in the Heart
67%
Film2010RED
67%
Film2013RED 2
67%
Web Series2024The New Look
67%
Film2015100 Years
33%
Short Film2115100 Years
33%
Film2003Adaptation.
33%
Film1993Alive
33%
Film2020Arkansas
33%
Theater1985Arms and the Man
33%
Film2020Ava
33%
Film1978A Wedding
33%
TV Show2018-2019, 2023Billions
33%
Film2018Bird Box
33%
Film2008Burn After Reading
33%
Theater1987-1988, 1990Burn This
33%
Video Game2015Call of Duty: Advanced Warfare
33%
Film2014César Chávez
33%
Film2008Changeling
33%
Film2005Colour Me Kubrick: A True...ish Story
33%
Film2014Cut Bank
33%
TV Film1985Death of a Salesman
33%
Theater1980, 1984Death of a Salesman
33%
Film2016Deepwater Horizon
33%
Film2016Dominion
33%
Film1985Eleni
33%
Film1987Empire of the Sun
33%
Film2006Eragon
33%
Film2019Extremely Wicked, Shockingly Evil and Vile
33%
Film2023Fool's Paradise
33%
Film1992Jennifer 8
33%
Film2003Johnny English
33%
Film2010Jonah Hex
33%
TV Mini-Series2000Les Misérables
33%
Film1987Making Mr. Right
33%
Film1996Mary Reilly
33%
Film2018Mile 22
33%
Film1988Miles from Home
33%
Film2022Mindcage
33%
TV Mini-Series2002Napoléon
33%
Theater1981Of Mice and Men
33%
Film1992Of Mice and Men
33%
Film2023One Ranger
33%
Music Video2015Phenomenal
33%
Film2021Rogue Hostage
33%
Film1998Rounders
33%
TV Show1989, 1993, 2008Saturday Night Live
33%
Theater1981Savages
33%
Film2010Secretariat
33%
Film2000Shadow of the Vampire
33%
Film1992Shadows and Fog
33%
Web Series2020-2022Space Force
33%
Film2018Supercon
33%
Web Series2021-PresentTen Year Old Tom
33%
TV Mini-Series2018The ABC Murders
33%
Short Film2006The Call
33%
Theater1978, 1979, 1985, 1986The Caretaker
33%
Film2002The Dancer Upstairs
33%
Film2005The Hitchhiker's Guide to the Galaxy
33%
Film1984The Killing Fields
33%
Film2004The Libertine
33%
Theater1996The Libertine
33%
Film1998The Man in the Iron Mask
33%
TV Mini-Series2019-2020The New Pope
33%
Film1996The Ogre
33%
Film2021The Survivalist
33%
FilmTBAThe Yellow Tie
33%
Film2011Transformers: Dark of the Moon
33%
Theater1980, 1982-1984True West
33%
Film1984True West
33%
Film2017Unlocked
33%
Film2019Valley of the Gods
33%
Film2019Velvet Buzzsaw
33%
Film2022White Elephant
33%
Film2017About Love. Only for Adults
0%
Theater1980Absent Friends
0%
Stage Director2012-2015A Celebration of Harold Pinter
0%
Film2009Afterwords
0%
Theater1972America Hurrah
0%
TV Show1981American Dream
0%
TV Show1984, 1986American Playhouse
0%
Commercial2012Apple iPhone 4S
0%
Theater1982A Prayer for My Daughter
0%
Film2006Art School Confidential
0%
Theater1992A Slip of the Tongue
0%
Theater1982A Streetcar Named Desire
0%
Film2003A Talking Picture
0%
FilmTBAA Winter's Journey
0%
Theater1981, 1984Balm in Gilead
0%
Film2007Beowulf
0%
Film1995Beyond the Clouds
0%
Theater1976, 1977Birdbath
0%
Theater2019Bitter Wheat
0%
Documentary2008Bloody Mondays & Strawberry Pies
0%
Film2017Bullet Head
0%
Commercial2014CANALPLAY
0%
Music Video1993Can We Go Higher?
0%
Film2018Casanovagen
0%
Film2014Casanova Variations
0%
Film2022Chariot
0%
Theater1985Coyote Ugly
0%
TV Show2014Crossbones
0%
TV Show2010Cubed
0%
Film2008Disgrace
0%
Short Film2019Don Who?
0%
Film2010Drunkboat
0%
Short Film2013Ecstasy
0%
ProductionTBAEmpress of Serenity
0%
Commercial2001Eurostar
0%
Film2008Gardens of the Night
0%
Production2001Ghost World
0%
Stage Director2008, 2016Good Canary
0%
TV Film1993Hearts of Darkness
0%
Short Film2016Hell
0%
Short Film2002Hideous Man
0%
Web Mini-Series2020Home Movie: The Princess Bride
0%
Film2001Hotel
0%
Theater1999Hysteria
0%
Film2017I Love You, Daddy
0%
Film2001I'm Going Home
0%
Film2008In Tranzit
0%
TV Short2014Jack Unterweger - der charmante Serienkiller
0%
TV Documentary2005John Malkovich: Flipping Uncle Kimono
0%
Production2007Juno
0%
TV Film2017Just Call Me God: A Dictator's Final Speech
0%
Production2006Kill the Poor
0%
Film2006Klimt
0%
Film2001Knockaround Guys
0%
Documentary2014Le Paradoxe de John Malkovich
0%
Commercial2000Les Cahiers du Cinéma
0%
Stage Director2012Les Liaisons Dangereuses
0%
Theater1994Libra
0%
Film2012Lines of Wellington
0%
TV Mini-Series2012Lines of Wellington
0%
Theater1976Look, We've Come Through
0%
FilmTBALost and Found in Paris
0%
Theater2005Lost Land
0%
Documentary Series2019Matchday: Inside FC Barcelona
0%
Podcast2021Middlespace: The Rebels Attack, and Then the Other Side Attacks as Well
0%
Film1996Mulholland Falls
0%
Film2008Mutant Chronicles
0%
TV Documentary2018Naismith 50 Celebration
0%
Commercial2010Nespresso: Cab Driver
0%
Commercial2009Nespresso: The Piano
0%
Theater1981No Man's Land
0%
TV Film1991Old Times
0%
FilmTBAOpus
0%
Theater1977Our Late Night
0%
TV Show1991Performance
0%
Theater1978Philadelphia, Here I Come!
0%
Short Film2006Pilots
0%
Documentary2007Polis Is This: Charles Olson and the Persistence of Place
0%
Short Film2016Psychogenic Fugue
0%
Film1991Queens Logic
0%
TV Documentary1999Riddle of the Desert Mummies
0%
Film2002Ripley's Game
0%
TV Film1999RKO 281
0%
TV Film1986Rocket to the Moon
0%
Documentary2019Russia from Above
0%
Film2022Salvage Salvation
0%
Stage Director1978Sandbar Flatland
0%
TV Short1987Santabear's High Flying Adventure
0%
Film2001Savage Souls
0%
TV Film1983Say Goodnight, Gracie
0%
Theater1979, 1980Say Goodnight, Gracie
0%
Film2023Seneca
0%
Film2022Shattered
0%
Film2013Siberian Education
0%
Commercial2017Squarespace
0%
Theater1991States of Shock
0%
Short Film2018Teasing John Malkovich
0%
Production1988The Accidental Tourist
0%
Film1995The Convent
0%
Theater1976The Dumbwaiter
0%
Theater2012, 2013The Giacomo Variations
0%
Theater1979The Glass Menagerie
0%
Film1987The Glass Menagerie
0%
Film2008The Great Buck Howard
0%
Theater1982The House
0%
Stage Director1976, 1977The Indian Wants the Bronx
0%
Theater2011The Infernal Comedy: Confessions of a Serial Killer
0%
Film2010The Infernal Comedy: Confessions of a Serial Killer
0%
Film2023The Line
0%
FilmTBAThelma
0%
Film1999The Messenger: The Story of Joan of Arc
0%
Film2017The Music Critic
0%
Film1991The Object of Beauty
0%
Production2012The Perks of Being a Wallflower
0%
Film1996The Portrait of a Lady
0%
Stage Director1977The Sea Horse
0%
Film1990The Sheltering Sky
0%
Film2017The Wilde Wedding
0%
Film1999Time Regained
0%
TV ShowTBAUnsinkable
0%
Theater1979Waiting for Lefty
0%
Theater1981Waiting for the Parade
0%
Music Video1992Walking on Broken Glass
0%
Film2013Warm Bodies
0%
Film2022Wash Me in the River
0%
Film2023Well Done!
0%
TV Film1981Word of Honor
0%
Production2011Young Adult
0%
Film2016Zoolander 2
0%

Score Distribution

Percentile by Number Answered

Percent of People with Each Score

Your Score History

You have not taken this quiz since the last reset